000 00217 a2200097 4500
001 48567
100 _aShanks, M
245 _aBritain and the New Europe
260 _aLondon
_bChatto windus
_c
090 _c31497
_d31497
942 _aNUST-CAE
_cM
_c23888
999 _c283640
_d283640